Lista de socios, Estatutos, cuentas generales / (Record no. 27271)

MARC details
000 -LEADER
campo de control de longitud fija 00637nam a2200169 i 4500
001 - NÚMERO DE CONTROL
campo de control 27271
003 - IDENTIFICADOR DE NÚMERO DE CONTROL
campo de control ES-MaACL
005 - FECHA Y HORA DE LA ÚLTIMA TRANSACCIÓN
campo de control 20230906153605.0
007 - CAMPO FIJO DE DESCRIPCIÓN FÍSICA--INFORMACIÓN GENERAL
campo de control de longitud fija t|
008 - DATOS DE LONGITUD FIJA--INFORMACIÓN GENERAL
campo de control de longitud fija 030114q19001999sp ||||1| spa d
110 2# - ENTRADA PRINCIPAL--NOMBRE DE ENTIDAD CORPORATIVA
Nombre de entidad corporativa o nombre de jurisdicción como elemento de entrada Asociación Española para el Progreso de las Ciencias.
9 (RLIN) 1705
245 10 - MENCIÓN DEL TÍTULO
Título Lista de socios, Estatutos, cuentas generales /
Mención de responsabilidad, etc. Asociación Española para el Progreso de las Ciencias.
260 ## - PUBLICACIÓN, DISTRIBUCIÓN, ETC.
Lugar de publicación, distribución, etc. Madrid :
Nombre del editor, distribuidor, etc. [s.n.,
Fecha de publicación, distribución, etc. 19--?] (
Fabricante Talleres Poligráficos)
300 ## - DESCRIPCIÓN FÍSICA
Extensión 63 p. ;
Dimensiones 24 cm.
610 24 - PUNTO DE ACCESO ADICIONAL DE MATERIA--NOMBRE DE ENTIDAD CORPORATIVA
Nombre de entidad corporativa o nombre de jurisdicción como elemento de entrada Asociación Española para el Progreso de las Ciencias-
Subdivisión de forma Listas de socios.
9 (RLIN) 168747
852 ## - LOCALIZACIÓN
Ubicación ES-MaACL
Número de control de estantería 1675-F-8
Sublocalización o colección R.4581
Holdings
Estatus retirado Estado de pérdida Estado de daño No para préstamo Colección Biblioteca de origen Biblioteca actual Ubicación en estantería Fecha de adquisición Fuente de adquisición Total de préstamos Signatura topográfica completa Código de barras Visto por última vez Precio de reemplazo Tipo de ítem Koha
        Colección de folletos Biblioteca del Ateneo de Madrid Biblioteca del Ateneo de Madrid Depósito folletos 17/01/2008     1675-F-8 1028148 23/02/2023 23/02/2023 Folleto